01300nam a2200301 a 4500001000400000003001000004005001700014008004100031020002300072020002300095040002500118080002100143090002100164245019100185260003300376300001800409504002500427650002700452650003900479700004400518700004500562700004800607700005600655942001200711952013100723952013100854999001300985721BR-CuiBMT20231130002947.0231113s2016 dfba 000 0 por d a9788588652958 v. 1 a9788588652941 v. 2 aBR-CuiBMTcBR-CuiBMT a347.91/.9522007 a347.91/.95bR33200aReflexões sobre o novo código de processo civil /cGeisa de Assis Rodrigues , Robério Nunes dos Anjos Filho, organizadores ; [autores Guilherme Calmon Nogueira da Gama ... et al.]. aBrasília :bESMPU, c2016. a2 v. ;c23 cm aInclui bibliografia. aProcesso civilzBrasil aCódigo de processo civilzBrasil1 aAnjos Filho, Robério Nunes dos4org. 1 aRodrigues, Geisa de Assis, d1968-4org.1 aGavronski, Alexandre Amaraldet al4autores1 aGama, Guilherme Calmon Nogueira da4et al.4autores 2udccLV 00102udc4070aBIBTCEMTbBIBTCEMTd2023-11-13hv. 2l0o347.91/.95 R332pBIBTCEMT23110525r2023-11-13tEx. 1w2023-11-13yLV 00102udc4070aBIBTCEMTbBIBTCEMTd2023-11-14hv. 1l0o347.91/.95 R332pBIBTCEMT23110573r2023-11-14tEx. 1w2023-11-14yLV c721d721